Инструкция по гамма-каротажу скважин при массовых поисках урана

Manylion Llyfryddiaeth
Crynodeb:Утверждена Министерством Геологии СССР 12 марта 1981 г.
Iaith:Rwseg
Cyhoeddwyd: Ленинград, Изд-во ВСЕГЕИ, 1982
Pynciau:
Fformat: MixedMaterials Llyfr
KOHA link:https://koha.lib.tpu.ru/cgi-bin/koha/opac-detail.pl?biblionumber=312954

MARC

LEADER 00000nam0a2200000 4500
001 312954
005 20231102002533.0
020 |a RU  |b 82-32778 
035 |a (RuTPU)RU\TPU\book\338324 
090 |a 312954 
100 |a 20151231d1982 k y0rusy5003 ca 
101 0 |a rus 
102 |a RU 
105 |a a z 001zy 
200 1 |a Инструкция по гамма-каротажу скважин при массовых поисках урана 
210 |a Ленинград  |c Изд-во ВСЕГЕИ  |d 1982 
215 |a 104 с.  |c ил. 
300 |a Утверждена Министерством Геологии СССР 12 марта 1981 г. 
320 |a Библиогр.: с. 72 
606 1 |a Урановые месторождения  |2 stltpush  |3 (RuTPU)RU\TPU\subj\63189  |9 80225 
610 1 |a поиски 
610 1 |a скважины 
610 1 |a гамма-каротаж 
610 1 |a аппаратура 
610 1 |a оборудование 
610 1 |a градуирование 
610 1 |a настройка 
610 1 |a техника безопасности 
610 1 |a приложения 
675 |a 553.495  |v 4 
801 0 |a RU  |b RuMRKP  |c 19950704  |g psbo 
801 1 |a RU  |b 63413507  |c 20151231 
801 2 |a RU  |b 63413507  |c 20171023  |g RCR 
942 |c BK